Гроші та кредит (Запис № 320078)
[ простий вигляд ]
| 000 -LEADER | |
|---|---|
| fixed length control field | 01482nam a22002537a 4500 |
| 001 - CONTROL NUMBER | |
| control field | 33619 |
| 003 - CONTROL NUMBER IDENTIFIER | |
| control field | UA-OsUOA |
| 005 - DATE AND TIME OF LATEST TRANSACTION | |
| control field | 20230504161226.0 |
| 007 - PHYSICAL DESCRIPTION FIXED FIELD--GENERAL INFORMATION | |
| fixed length control field | ta |
| 008 - FIXED-LENGTH DATA ELEMENTS--GENERAL INFORMATION | |
| fixed length control field | 20050831b un ||||| |||| 00| 0 ukr d |
| 020 ## - INTERNATIONAL STANDARD BOOK NUMBER | |
| International Standard Book Number | 9665740423 |
| 040 ## - CATALOGING SOURCE | |
| Original cataloging agency | UA-OsUOA |
| Language of cataloging | ukr |
| Transcribing agency | UA-OsUOA |
| Modifying agency | UA-OsUOA |
| 041 ## - LANGUAGE CODE | |
| Language code of text/sound track or separate title | ukr |
| 080 ## - UNIVERSAL DECIMAL CLASSIFICATION NUMBER | |
| Universal Decimal Classification number | 336.7 |
| 090 ## - LOCALLY ASSIGNED LC-TYPE CALL NUMBER (OCLC); LOCAL CALL NUMBER (OCLC) | |
| Classification number (OCLC) (R) ; Classification number, CALL (RLIN) (NR) | 336.7 |
| Local cutter number (OCLC) ; Book number/undivided call number, CALL (RLIN) | Г89 |
| 245 ## - TITLE STATEMENT | |
| Title | Гроші та кредит |
| Remainder of title | підручник |
| Statement of responsibility, etc | Б. С. Івасіва |
| 260 ## - PUBLICATION, DISTRIBUTION, ETC. (IMPRINT) | |
| Place of publication, distribution, etc | К. |
| Name of publisher, distributor, etc | КНЕУ |
| Date of publication, distribution, etc | 1999 |
| 300 ## - PHYSICAL DESCRIPTION | |
| Extent | 404 с. |
| 520 ## - SUMMARY, ETC. | |
| Summary, etc | Підручник підготовлено відповідно до типової навчальної дисципліни «Гроші та кредит». У ньому висвітлюються основи функціонування грошей та кредиту в умовах ринкової економіки. Значна увага приділяється аналізу практики грошового обігу та операцій установ кредитної системи. Підручник написано з позиції сучасної монетарної теорії. Теоретичний матеріал доповнено аналізом офіційних статистичних публікацій, звітів банківської системи. |
| 650 #7 - SUBJECT ADDED ENTRY--TOPICAL TERM | |
| Topical term or geographic name as entry element | 336 Фінанси |
| Source of heading or term | UDC |
| 942 ## - ADDED ENTRY ELEMENTS (KOHA) | |
| Koha item type | Книги |
| Source of classification or shelving scheme | Universal Decimal Classification |
| 955 ## - COPY-LEVEL INFORMATION (RLIN) | |
| Classification number, CCAL (RLIN) | Навчальні видання |
| Withdrawn status | Lost status | Source of classification or shelving scheme | Damaged status | Not for loan | Home library | Current library | Date acquired | Source of acquisition | Cost, normal purchase price | Inventory number | Total Checkouts | Full call number | Barcode | Date last seen | Price effective from | Koha item type | Date checked out |
|---|---|---|---|---|---|---|---|---|---|---|---|---|---|---|---|---|---|
| Universal Decimal Classification | АБ - Абонемент НБ | АБ - Абонемент НБ | 23/08/2012 | 51091 | 336.7 Г89 | 51091 | 07/12/2021 | 31/08/2005 | Книги | ||||||||
| Universal Decimal Classification | АБ - Абонемент НБ | АБ - Абонемент НБ | 23/08/2012 | 51093 | 1 | 336.7 Г89 | 51093 | 07/12/2021 | 31/08/2005 | Книги | 17/10/2019 | ||||||
| Universal Decimal Classification | АБ - Абонемент НБ | АБ - Абонемент НБ | 19/06/2018 | 51095 | 1 | 336.7 Г89 | 51095 | 23/06/2023 | 31/08/2005 | Книги | 16/12/2022 | ||||||
| Universal Decimal Classification | АБ - Абонемент НБ | АБ - Абонемент НБ | 20/09/2012 | 51096 | 336.7 Г89 | 51096 | 07/12/2021 | 31/08/2005 | Книги | ||||||||
| Universal Decimal Classification | ЧЗ - Читальна зала | ЧЗ - Читальна зала | 10/06/2013 | 42/2013 | 15.00 | 142809 | 336.7 Г89 | 142809 | 07/02/2022 | 03/12/2003 | Книги | ||||||
| Universal Decimal Classification | ЧЗ - Читальна зала | ЧЗ - Читальна зала | 03/12/2003 | 33.55 | 65936 | 336.7 Г89 | 65936 | 07/02/2022 | 03/12/2003 | Книги | |||||||
| Universal Decimal Classification | ЧЗ - Читальна зала | ЧЗ - Читальна зала | 03/12/2003 | 35.15 | 73590 | 336.7 Г89 | 73590 | 07/02/2022 | 03/12/2003 | Книги | |||||||
| Universal Decimal Classification | ЧЗ - Читальна зала | ЧЗ - Читальна зала | 31/08/2005 | 65932 | 336.7 Г89 | 65932 | 06/02/2022 | 31/08/2005 | Книги | ||||||||
| Universal Decimal Classification | ЧЗ - Читальна зала | ЧЗ - Читальна зала | 31/08/2005 | 65933 | 1 | 336.7 Г89 | 65933 | 07/02/2022 | 31/08/2005 | Книги | 27/02/2020 | ||||||
| Universal Decimal Classification | ЧЗ - Читальна зала | ЧЗ - Читальна зала | 21/09/2012 | 65935 | 336.7 Г89 | 65935 | 07/02/2022 | 31/08/2005 | Книги | ||||||||
| Universal Decimal Classification | ЧЗ - Читальна зала | ЧЗ - Читальна зала | 21/09/2012 | 84877 | 336.7 Г89 | 84877 | 07/02/2022 | 31/08/2005 | Книги | ||||||||
| Universal Decimal Classification | ЧЗ - Читальна зала | ЧЗ - Читальна зала | 12/12/2005 | 118/2005 | 87788 | 336.74(075.8) Г89 | 87788 | 07/02/2022 | 12/12/2005 | Книги |